000 00344 a2200157 4500
001 153205
040 _cEscola São Tomás de Aquino
100 _aSCLIAR, Moacyr
240 1 0 _aPra você eu conto
_lpor
245 1 0 _aPra você eu conto
300 _a70
362 0 _a2014
440 1 _aAtual
697 _a*LITERATURA JUVENIL
942 _cBK
999 _c153205
_d153205